01082 a2200157 4500003000500000005001700005040000900022082001200031100001700043245007700060260003300137300001900170505067200189538002900861650003400890Nust20170207154118.0 cNust a621.381 aPaul B. Zbar aBasic electronicsblaboratory manual for radio and television technician aNew YorkbMc Graw-Hillc1958 avii: 148 pages aVacuum Tubes (page-1) The Diode Rectifier (Page05) The Triode AS D-C Amplifier (Page-14) Tube Testing (Page-20) The Power Transformer (Page-23) Transformer Power Supply (Page-26) The Power Supply Filter (Page-31) The Voltage Doublers (Page-37) The Loudspeaker (page-57) The Push – Pull Power Amplifier (Page-65) Frequency Response of an Audio Amplifier (page-68) Resistance and Voltage Analysis an Audio Amplifier (Page-71) The Hartley Oscillator (page-80) Current Gain in Transistors (Page-102) Common-Emitter Amplifier (Page-116) Common-Base Amplifier (page_124) Cascaded Amplifier (Page-129) Transistor Phase Inverter (apge-140)Transistor Oscillators (page-144) aAlmirah No.33 Shelf No.3 aTelecommunication Engineering